[Event "Barcelona Vila de Gracia op 25th"]
[Site "Barcelona"]
[Date "2021.11.19"]
[Round "8"]
[White "Colomer Gomez, Jordi"]
[Black "Fernandez Guevara, Josep Lluis"]
[Result "1-0"]
[WhiteElo "1826"]
[BlackElo "1900"]
[PlyCount "83"]
[EventDate "2021.10.01"]
[EventType "swiss"]
[EventRounds "9"]
[EventCountry "ESP"]
[SourceTitle "EXT 2023"]
[Source "ChessBase"]
[SourceDate "2022.10.05"]
[SourceVersion "1"]
[SourceVersionDate "2022.10.05"]
[SourceQuality "1"]

1. e4 c5 2. Nc3 Nc6 3. Bb5 d6 4. Bxc6+ bxc6 5. d3 e5 6. f4 exf4 7. Bxf4 d5 8. Nf3 d4 9. Nb1 Bd6 10. Bxd6 Qxd6 11. 0-0 Ne7 12. Nbd2 0-0 13. Nc4 Qc7 14. Qd2 Be6 15. b3 Bxc4 16. bxc4 f6 17. Qe2 Ng6 18. Nd2 Ne5 19. Nb3 Nd7 20. Rf3 Rae8 21. Raf1 Qd6 22. Qf2 Re5 23. Qg3 Qe6 24. Rf5 Rxf5 25. Rxf5 Qe7 26. Qc7 Re8 27. Qxc6 g6 28. Rd5 Nb6 29. Rxc5 f5 30. e5 Nd7 31. Qd5+ Kf8 32. Rc7 Qxe5 33. Qxe5 Nxe5 34. Rxh7 Nf7 35. Kf2 Re6 36. a4 Kg8 37. Rh4 Ne5 38. h3 Nc6 39. Nxd4 Nxd4 40. Rxd4 Ra6 41. c5 Kf7 42. Rc4 1-0